Nursing management in practice / (Record no. 2520)

000 -LEADER
fixed length control field 00655nam a22002291a 4500
003 - CONTROL NUMBER IDENTIFIER
control field ALUPE UNIVERSITY
005 - DATE AND TIME OF LATEST TRANSACTION
control field 20210713075023.0
008 - FIXED-LENGTH DATA ELEMENTS--GENERAL INFORMATION
fixed length control field 950315s1984 enk 000 0 eng d
020 ## - INTERNATIONAL STANDARD BOOK NUMBER
International Standard Book Number 0713181435
040 ## - CATALOGING SOURCE
Transcribing agency ALUPE UNIVERSITY
049 ## - LOCAL HOLDINGS (OCLC)
Holding library CU
Local processing data b
050 ## - LIBRARY OF CONGRESS CALL NUMBER
Classification number RT 86.7
Item number .T38 1984
092 ## - LOCALLY ASSIGNED DEWEY CALL NUMBER (OCLC)
Classification number D0502303386
100 1# - MAIN ENTRY--PERSONAL NAME
Personal name Tattersall, E. R.
245 10 - TITLE STATEMENT
Title Nursing management in practice /
Statement of responsibility, etc. E.R. Tattersall
260 ## - PUBLICATION, DISTRIBUTION, ETC.
Place of publication, distribution, etc. London :
Name of publisher, distributor, etc. Edward Arnold,
Date of publication, distribution, etc. 1984
300 ## - PHYSICAL DESCRIPTION
Extent 154 p ;
Dimensions 23 cm
650 #0 - SUBJECT ADDED ENTRY--TOPICAL TERM
Topical term or geographic name entry element Management
650 #0 - SUBJECT ADDED ENTRY--TOPICAL TERM
Topical term or geographic name entry element Nursing services
General subdivision Administration
942 ## - ADDED ENTRY ELEMENTS (KOHA)
Source of classification or shelving scheme
Koha item type Book
Suppress in OPAC PW
Holdings
Withdrawn status Lost status Source of classification or shelving scheme Damaged status Not for loan Permanent Location Current Location Shelving location Date acquired Total Checkouts Full call number Barcode Date last seen Price effective from Koha item type Public note
          AU LIBRARY AU LIBRARY Open Shelf 13.07.2021   RT 86.7 .T38 1984 28003422 13.07.2021 13.07.2021 Book PW

Powered by Koha